[Event "Zvenigorod Autumn op-A"]
[Site "Zvenigorod"]
[Date "2008.09.25"]
[Round "1"]
[White "Korobkov, Piotr"]
[Black "Turutin, Alexander"]
[Result "1-0"]
[WhiteElo "2516"]
[BlackElo "2321"]
[PlyCount "81"]
[EventDate "2008.09.25"]
[EventType "swiss"]
[EventRounds "9"]
[EventCountry "RUS"]
[SourceTitle "EXT 2009"]
[Source "ChessBase"]
[SourceDate "2008.11.26"]
[SourceVersion "1"]
[SourceVersionDate "2008.11.26"]
[SourceQuality "1"]

1. d4 Nf6 2. Bg5 Ne4 3. Bf4 c5 4. f3 Qa5+ 5. c3 Nf6 6. Nd2 cxd4 7. Nb3 Qb6 8. Qxd4 Nc6 9. Qxb6 axb6 10. Nd4 Ra5 11. b4 Nxd4 12. cxd4 Ra8 13. e4 e6 14. Bd2 Be7 15. Bb5 0-0 16. Ne2 d6 17. Kf2 Bd7 18. Bxd7 Nxd7 19. Rhc1 Rfc8 20. a4 Kf8 21. Nc3 Nf6 22. Nb5 d5 23. e5 Nd7 24. Nc7 Rab8 25. f4 Bd8 26. Nb5 Be7 27. g4 Ke8 28. f5 Kd8 29. Ke2 Rxc1 30. Rxc1 Rc8 31. Rf1 Ke8 32. Kd3 Nb8 33. f6 gxf6 34. exf6 Bf8 35. Rf3 Nc6 36. Rh3 Nxb4+ 37. Bxb4 Bxb4 38. Rxh7 Rc1 39. g5 Rc4 40. h4 Rc1 41. h5 1-0

[Event "Voronezh op-A"]
[Site "Voronezh"]
[Date "2008.06.21"]
[Round "9"]
[White "Korobkov, Piotr"]
[Black "Tunik, Gennady"]
[Result "0-1"]
[WhiteElo "2508"]
[BlackElo "2486"]
[PlyCount "54"]
[EventDate "2008.06.12"]
[EventType "swiss"]
[EventRounds "9"]
[EventCountry "RUS"]
[SourceTitle "CBM 125 Extra"]
[Source "ChessBase"]
[SourceDate "2008.09.01"]
[SourceVersion "1"]
[SourceVersionDate "2008.09.01"]
[SourceQuality "1"]

1. e4 c5 2. Nf3 e6 3. d4 cxd4 4. Nxd4 a6 5. Nc3 b5 6. Be2 Bb7 7. Bf3 Nc6 8. Nxc6 dxc6 9. Qxd8+ Rxd8 10. e5 Ne7 11. Be4 f5 12. exf6 gxf6 13. a4 b4 14. Ne2 Kf7 15. 0-0 a5 16. Bf3 Ng6 17. Be3 Bd6 18. Nd4 Ne5 19. Bh5+ Ke7 20. Nb3 Nc4 21. Be2 Nxe3 22. fxe3 Bc7 23. Rad1 Bb6 24. Kf2 c5 25. Rxd8 Rxd8 26. Rd1 Rxd1 27. Bxd1 Bc6 0-1

[Event "Voronezh op-A"]
[Site "Voronezh"]
[Date "2008.06.19"]
[Round "7"]
[White "Korobkov, Piotr"]
[Black "Provotorov, Ivan"]
[Result "1-0"]
[WhiteElo "2508"]
[BlackElo "2398"]
[PlyCount "51"]
[EventDate "2008.06.12"]
[EventType "swiss"]
[EventRounds "9"]
[EventCountry "RUS"]
[SourceTitle "CBM 125 Extra"]
[Source "ChessBase"]
[SourceDate "2008.09.01"]
[SourceVersion "1"]
[SourceVersionDate "2008.09.01"]
[SourceQuality "1"]

1. d4 Nf6 2. c4 e6 3. g3 d5 4. Nf3 dxc4 5. Bg2 Be7 6. Qa4+ Nbd7 7. Qxc4 a6 8. Qc2 c5 9. 0-0 0-0 10. Rd1 Qc7 11. Nc3 cxd4 12. Nxd4 Nc5 13. Na4 Bd7 14. Nxc5 Bxc5 15. b4 Ba4 16. Qxa4 Bxd4 17. Rxd4 Qc3 18. Bb2 Qxb2 19. Rad1 Qxe2 20. Bxb7 Ra7 21. Bg2 h6 22. Bf1 Qf3 23. b5 Qb7 24. bxa6 Qb6 25. Qb5 Rb8 26. Rb1 1-0

[Event "Voronezh op-A"]
[Site "Voronezh"]
[Date "2008.06.14"]
[Round "3"]
[White "Korobkov, Piotr"]
[Black "Savchenko, Boris"]
[Result "0-1"]
[WhiteElo "2508"]
[BlackElo "2569"]
[PlyCount "139"]
[EventDate "2008.06.12"]
[EventType "swiss"]
[EventRounds "9"]
[EventCountry "RUS"]
[SourceTitle "CBM 125 Extra"]
[Source "ChessBase"]
[SourceDate "2008.09.01"]
[SourceVersion "1"]
[SourceVersionDate "2008.09.01"]
[SourceQuality "1"]

1. d4 Nf6 2. c4 e6 3. g3 d5 4. Nf3 dxc4 5. Bg2 a6 6. 0-0 Nc6 7. e3 Bd7 8. Nc3 Nd5 9. Nd2 Nb6 10. Qe2 Na5 11. Nde4 Bc6 12. Bd2 Bb4 13. Nb1 Bxe4 14. Bxe4 Qd6 15. Qe1 Bxd2 16. Qxd2 Nc6 17. Na3 e5 18. Rac1 exd4 19. Nxc4 Nxc4 20. Rxc4 Nd8 21. Rxd4 Qf6 22. Qb4 a5 23. Qc5 Qe7 24. Qxe7+ Kxe7 25. Rfd1 Re8 26. Bg2 c6 27. Rd7+ Kf8 28. Bh3 a4 29. e4 c5 30. Bf1 g6 31. Kg2 Nc6 32. Rxb7 Rxe4 33. Rc7 Re6 34. Bb5 Ne7 35. Rdd7 Rb8 36. Rxc5 Nf5 37. Bc4 Rf6 38. b3 Rbb6 39. Ra5 axb3 40. Bxb3 h5 41. Ra8+ Kg7 42. Rdd8 Nh6 43. h3 Rb7 44. Rab8 Re7 45. Re8 Rc7 46. Rbc8 Rb7 47. f3 Rd7 48. Rcd8 Rc7 49. g4 Rc5 50. Rd5 Rc3 51. Bd1 Ra6 52. a4 Ng8 53. g5 Ra7 54. Rdd8 Ne7 55. Rf8 h4 56. f4 Rg3+ 57. Kf2 Rc7 58. f5 Rxg5 59. fxg6 Rxg6 60. Rfe8 Rg3 61. a5 Rxh3 62. a6 Ra3 63. Be2 h3 64. Rd1 Nf5 65. Bd3 Rd7 66. Rg1+ Kf6 67. Bxf5 Kxf5 68. Re3 h2 69. Rh1 Rd2+ 70. Kf3 0-1

[Event "Voronezh op-A"]
[Site "Voronezh"]
[Date "2008.06.13"]
[Round "2"]
[White "Lukovnikov, Alexander"]
[Black "Korobkov, Piotr"]
[Result "0-1"]
[WhiteElo "2342"]
[BlackElo "2508"]
[PlyCount "48"]
[EventDate "2008.06.12"]
[EventType "swiss"]
[EventRounds "9"]
[EventCountry "RUS"]
[SourceTitle "CBM 125 Extra"]
[Source "ChessBase"]
[SourceDate "2008.09.01"]
[SourceVersion "1"]
[SourceVersionDate "2008.09.01"]
[SourceQuality "1"]

1. e4 c5 2. Nf3 e6 3. d4 cxd4 4. Nxd4 a6 5. Nc3 Qc7 6. g3 Bb4 7. Bd2 Nf6 8. Bg2 Nc6 9. Nxc6 dxc6 10. 0-0 0-0 11. f4 e5 12. f5 Rd8 13. Qe2 Bc5+ 14. Kh1 b5 15. Nd1 a5 16. Bg5 Ba6 17. Bxf6 gxf6 18. Qg4+ Kf8 19. Qh4 b4 20. Qxf6 Bxf1 21. Bxf1 Qd6 22. Qh4 Qd4 23. Qh6+ Ke7 24. f6+ Ke8 0-1